000 01352nam a2200313 i 4500
001 bg
100 1 _aBrzozowska, Lucyna.
245 1 0 _aTransport drogowy a jakość powietrza atmosferycznego :
_bmodelowanie komputerowe w mezoskali /
_cLucyna Brzozowska, Krzysztof Brzozowski, Łukasz Drąg.
260 _aWarszawa :
_bWydawnictwa Komunikacji i Łączności,
_c2009.
300 _a212 s. :
_bil. ;
_c25 cm.
504 _aBibliogr. s. 197-212.
521 8 _aOdbiorcy: pracownicy naukowi i studenci wyższych uczelni technicznych oraz pracownicy instytucji związanych z projektowaniem i eksploatacją infrastruktury drogowej oraz ochrony środowiska.
650 9 _aTransport drogowy
_xwpływ na środowisko
650 9 _aSamochody
_xbadanie
650 9 _aSpaliny
_xmodele matematyczne
650 9 _aDiagnostyka techniczna
_xmodele matematyczne
655 _aPodręczniki akademickie
700 1 _aBrzozowski, Krzysztof.
700 1 _aDrąg, Łukasz.
020 _a9788320617146
040 _cBPK
041 _apol
044 _aPOL
080 _a656.1:504.5:502.3:629.33
920 _a978-83-206-1714-6
942 _cKS
008 090720s2009 pl a |000 0 pol
999 _c56526
_d56526
856 _uhttp://koha.tu.koszalin.pl/cgi-bin/koha/opac-detail.pl?biblionumber=56526
_yKatalog online BPK